000 00579nam a2200229Ia 4500
003 OSt
005 20221005123742.0
006 a|||||r|||| 00| 0
007 ta
008 221004b |||||||| |||| 00| 0 eng d
024 _a58289
037 _cTextual
040 _aCRL
_cCRL
_beng
041 _2eng
_aeng
082 _aV2:25wM69, K3
100 _aTagore Rabindranath
245 0 _aMahatma Gandhi comp by Pulinbihari Sen
260 _c1963
650 _aHISTORY
942 _hV2:25wM69, K3
_cTEXL
_2cc
999 _c1048371
_d1048371